Locuzioni latine - Quiz n°5 - Statistics

Statistiche generali
  • Questo quiz è stato fatto 30 volte
  • Il punteggio medio è 10 su 10
Statistiche sulle risposte
Hint Risposta % Corretto
Habemus Papam Abbiamo il Papa
100%
Mea culpa Per mia colpa
100%
Hic sunt leones Qui ci sono i leoni
100%
Vox populi, vox Dei Voce di popolo, voce di Dio
100%
Pro loco A favore del luogo
96%
Inter nos Fra di noi
96%
In dubio pro reo Nel dubbio, [giudica] in favore dell'imputato
96%
Pro bono publico Per il bene pubblico
96%
Arbiter elegantiae Giudice di raffinatezza
93%
De iure Per legge
85%
Nessun quiz corrispondente trovato
Distribuzione punteggi
Percentuale di utenti per punteggio
Percentile per numero di risposta
I tuoi punteggi nel tempo
Non hai fatto questo quiz